Statistics for World Map 6 x 16 Puzzle by World Capitals

Click here to take the quiz!

General Stats

  • This quiz has been taken 6,507 times
  • The average score is 61 of 96

Answer Stats

Square % Correct
15 - Andorra la Vella, Brussels, Bern, Algiers, Madrid, Paris, London, Dublin, Vaduz, Luxembourg, Rabat, Monaco, Amsterdam, Lisbon, Tunis
98%
2 - Ottawa, Washington
97%
3 closest: Ottawa, Washington, Reykjavík
97%
3 closest: Ottawa, Washington, Reykjavík
97%
3 closest: Ottawa, Reykjavík, Washington
97%
3 closest: Reykjavík, Ottawa, Washington
97%
3 closest: Ottawa, Washington, Reykjavík
97%
3 closest: Washington, Ottawa, Nassau
97%
3 closest: Mexico City, Ottawa, Washington
97%
26 - Tirana, Vienna, Sarajevo, Sofia, Minsk, Prague, Berlin, Athens, Zagreb, Budapest, Rome, Vilnius, Chișinău, Podgorica, Skopje, Valletta, Warsaw, Bucharest, Belgrade, Ljubljana, Bratislava, San Marino, Ankara, Kiev, Vatican City, Pristina
93%
3 closest: Astana, Moscow, Bishkek
92%
1 - Moscow
91%
7 - Belmopan, Havana, Guatemala City, Tegucigalpa, Mexico City, Managua, San Salvador
91%
3 closest: Mexico City, Ottawa, Belmopan
89%
3 closest: Mexico City, Guatemala City, San Salvador
88%
3 closest: Mexico City, Guatemala City, San Salvador
88%
3 closest: Montevideo, Buenos Aires, Brasília
87%
3 closest: Mexico City, Guatemala City, Belmopan
86%
3 closest: Ulaanbaatar, Beijing, Pyongyang
85%
3 closest: Ulaanbaatar, Beijing, Pyongyang
85%
2 - Beijing, Ulaanbaatar
85%
3 closest: Apia, Mexico City, Nukuʻalofa
84%
3 closest: Santiago, Lima, Buenos Aires
84%
3 closest: Tokyo, Ottawa, Pyongyang
84%
3 closest: Brasília, Monrovia, Montevideo
83%
3 - Tokyo, Pyongyang, Seoul
82%
3 closest: Tokyo, Seoul, Pyongyang
82%
3 closest: Tokyo, Pyongyang, Seoul
82%
3 closest: Tokyo, Pyongyang, Seoul
82%
6 - Copenhagen, Tallinn, Helsinki, Riga, Oslo, Stockholm
82%
4 - Sucre, Santiago, Lima, Asunción
82%
3 closest: Canberra, Dili, Jakarta
81%
1 - Brasília
81%
3 closest: Taipei, Manila, Tokyo
81%
3 closest: Canberra, Wellington, Port Moresby
79%
3 closest: Santiago, Buenos Aires, Montevideo
79%
4 - Cairo, Tripoli, Khartoum, N'Djamena
78%
8 - Gaborone, Maseru, Maputo, Windhoek, Mbabane, Pretoria, Lusaka, Harare
77%
3 closest: Port Moresby, Dili, Canberra
77%
3 closest: Lima, Santiago, Quito
77%
3 closest: Lima, Quito, Santiago
77%
3 closest: Oslo, Copenhagen, Dublin
77%
3 closest: Palikir, Majuro, Tokyo
76%
3 closest: Tokyo, Majuro, Palikir
76%
3 closest: Port Vila, Canberra, Port Moresby
76%
1 - Canberra
75%
5 - Bogotá, Quito, Georgetown, Port-of-Spain, Caracas
75%
2 - New Delhi, Muscat
75%
1 - Buenos Aires
71%
3 closest: Reykjavík, Ottawa, Dublin
71%
4 - Bandar Seri Begawan, Jakarta, Kuala Lumpur, Singapore
67%
3 closest: Jakarta, Singapore, Kuala Lumpur
67%
3 closest: Dili, Jakarta, Singapore
64%
8 - Yerevan, Baku, Nicosia, Tbilisi, Baghdad, Tehran, Beirut, Damascus
64%
10 - Abu Dhabi, Manama, Djibouti, Asmara, Amman, Kuwait City, Doha, Riyadh, Sana'a, Jerusalem
63%
5 - Dhaka, Thimphu, Naypyidaw, Kathmandu, Bangkok
61%
5 - Phnom Penh, Vientiane, Manila, Taipei, Hanoi
61%
3 closest: Port Louis, Jakarta, Antananarivo
60%
7 - Kabul, Bishkek, Astana, Islamabad, Dushanbe, Ashgabat, Tashkent
59%
11 - Saint John's, Bridgetown, Nassau, Roseau, Santo Domingo, Saint George's, Port-au-Prince, Kingston, Basseterre, Castries, Kingstown
57%
3 closest: Wellington, Nukuʻalofa, Suva
57%
3 closest: Apia, Nukuʻalofa, Wellington
56%
3 closest: Nukuʻalofa, Wellington, Apia
56%
5 - Addis Ababa, Nairobi, Victoria, Mogadishu, Dodoma
55%
9 - Porto-Novo, Yamoussoukro, Libreville, Accra, Malabo, Monrovia, Abuja, São Tomé, Lomé
54%
1 - Wellington
53%
2 - San José, Panama City
53%
9 - Luanda, Bujumbura, Kinshasa, Bangui, Brazzaville, Yaoundé, Kigali, Juba, Kampala
52%
3 closest: Bishkek, Astana, Ulaanbaatar
52%
1 - Reykjavík
52%
3 closest: Astana, Ulaanbaatar, Bishkek
52%
3 closest: Lisbon, Dublin, Rabat
51%
5 - Praia, Banjul, Bissau, Nouakchott, Dakar
41%
3 closest: Luanda, Windhoek, Kinshasa
40%
1 - Montevideo
40%
1 - Colombo
34%
3 closest: Port Louis, Antananarivo, Maputo
33%
3 - Ouagadougou, Bamako, Niamey
32%
1 - Paramaribo
31%
3 - Moroni, Antananarivo, Lilongwe
30%
2 - Melekeok, Dili
27%
4 - Suva, Port Vila, Apia, Nukuʻalofa
26%
4 - Palikir, Port Moresby, Honiara, Yaren
26%
3 closest: Bridgetown, Castries, Georgetown
26%
3 closest: Apia, Nukuʻalofa, Suva
25%
1 - Malé
25%
2 - Conakry, Freetown
23%
3 closest: Majuro, Tarawa, Funafuti
22%
3 - Tarawa, Majuro, Funafuti
22%
3 closest: Majuro, Tarawa, Palikir
21%
3 closest: Majuro, Tarawa, Palikir
21%
3 closest: Apia, Nukuʻalofa, Funafuti
19%
3 closest: Maseru, Mbabane, Maputo
14%
3 closest: Maseru, Mbabane, Maputo
14%
3 closest: Windhoek, Maseru, Gaborone
12%
1 - Port Louis
12%

Score Distribution

Percentile by Number Answered

Percent of People with Each Score

Your Score History

You have not taken this quiz